Inteligencia relacional y negociación: una nueva forma de relacionarse
Uloženo v:
| Hlavní autoři: | , |
|---|---|
| Médium: | Kniha |
| Jazyk: | španělština |
| Vydáno: |
Santiago
Ediciones B
2012
|
| Vydání: | 1a. ed |
| Témata: | |
| Tagy: |
Přidat tag
Žádné tagy, Buďte první, kdo vytvoří štítek k tomuto záznamu!
|
MARC
| LEADER | 00000cam a2200000 a 4500 | ||
|---|---|---|---|
| 001 | UCF4794 | ||
| 003 | CL-VaPUC | ||
| 008 | 130103e20120000CL |||||||||||||||||spa|d | ||
| 020 | |a 9789563041194 | ||
| 082 | 0 | 4 | |a 658.402 |b GAR |2 21 |
| 100 | |a García Aguilera, Jaime |e author |9 572214 | ||
| 700 | 0 | |a Sanhueza Moreno, Carlos |e author |9 566429 | |
| 245 | 1 | 0 | |a Inteligencia relacional y negociación: una nueva forma de relacionarse |
| 250 | |a 1a. ed | ||
| 300 | |a 181 p | ||
| 942 | |c BK | ||
| 945 | |d 20130103 00:00:00 |a cmena | ||
| 260 | |a Santiago |b Ediciones B |c 2012 | ||
| 650 | 0 | |a Negocios |9 262468 | |
| 650 | 0 | |a Administración de empresas |9 260833 | |
| 650 | 0 | |a Inteligencia emocional |9 430453 | |
| 650 | 0 | |a Negociación |9 307187 | |
| 583 | |a last modification |c 20130103 11:06:00 |k Rodrigo Vera | ||
| 999 | |c 350491 |d 350489 | ||
| 952 | |0 0 |1 0 |4 0 |6 658_402000000000000_GAR_2012 |7 0 |8 A |9 453862 |a BIBENE |b BIBENE |d 2019-11-22 |i 4940091 |o 658.402 GAR 2012 |p 4940091 |r 2025-01-15 |w 2019-11-22 |y BK |k ICO | ||